Quizzes
Events
Quiz Creation
Community
Videos
Private Events
Remove Ads
Sign In
Join for FREE
Feedback
Dark Mode
Quiz Categories
Sports
Geography
Music
Movies
Television
Just For Fun
Miscellaneous
History
Literature
Language
Science
Gaming
Entertainment
Religion
Holiday
For Kids
Quiz Lab
Recent
Popular Today
Quiz Kudos Today
Editor Picks
Curator Picks
Quizzes by...
Day
Popularity
Type
Ratings
Length
Year
Community
Subscriptions
Recent Discussions
Orange Saloon
Badges
Playlists
Quests
Create
Leaderboards
Showdown
Live 5
Trivia Bingo
Activity
Puzzle Library
Sporcle Events
Private Events
Virtual Trivia
Globe League
Become a Host
Pub Owners
SporcleCon
Opinionation
Our Games
Videos
Blog
Mobile Apps
Partnerships
Remove Ads and Go Orange
Feedback
Sports
Athletes
MLB
NBA
NHL
NFL
Soccer
Sports Teams
WWE
NCAA
Football
Premier League
Basketball
Baseball
Hockey
Golf
Tennis
Cricket
Rugby
Auto Racing
Olympics
World Cup
Sports
Athletes
MLB
NBA
NHL
NFL
Soccer
Sports Teams
WWE
NCAA
Football
Premier League
Basketball
Baseball
Hockey
Golf
Tennis
Cricket
Rugby
Auto Racing
Olympics
World Cup
Random Quiz
Search Sporcle
×
Quiz Lab
Quiz Lab
Sports
Football
Type in answers that appear in a list
Type in answers that appear in a list
Classic
Best Score? Go Orange.
The 50 best Chicago Cubs Stats
Can you name the 50 Best Chicago Cubs of all time (according to the Chicago Sun-Times)?
By
mikethedude
10m
50 Questions
1,731 Plays
1,731 Plays
1,731 Plays
Comments
Comments
Give Quiz Kudos
Give Quiz Kudos
-
- Ratings
hide this ad
Replay
Link that replays current quiz
Next Quiz
Link to next quiz in quiz playlist
You Got
0%
They Got
Avg Score
47%
Avg Friend Score
Upgrade to see
Score Distribution
Jump to the score distribution portion of the page
Score
0/50
Timer
10:00
0
Plays Today
Position
Player
% Correct
SS/
1B
Ernie Banks
97.6%
2B
Ryne Sandberg
96%
3B
Ron Santo
92.1%
RF
Sammy Sosa
92%
LF
Billy Williams
88.9%
1B
Derrek Lee
86.1%
P
Fergie Jenkins
85.9%
P
Greg Maddux
85.8%
P
Bill Lee
85.2%
1B
Mark Grace
83.6%
3B
Aramis Ramirez
80.5%
P
Kerry Wood
78.2%
RF
Andre Dawson
75.2%
P
Carlos Zambrano
72.1%
CF
Hack Wilson
65.5%
1B
Frank Chance
64.1%
P
Rick Sutcliffe
62.4%
P
Mordecai Brown
60.9%
P
Lee Smith
60.7%
C
Gabby Hartnett
57.8%
1B
Cap Anson
56.7%
P
Bruce Sutter
51.3%
C
Randy Hundley
49.1%
SS
Don Kessinger
45.2%
1B
Bill Buckner
43.8%
Position
Player
% Correct
3B
Bill Madlock
37.9%
P
Rick Reuschel
37.7%
2B
Rogers Hornsby
37.6%
CF
Rick Monday
37.4%
2B
Glenn Beckert
37.3%
3B
Stan Hack
32.8%
LF
Hank Sauer
28.5%
1B
Phil Cavarretta
27.4%
P
Grover Cleveland Alexander
27.1%
P
Charlie Root
26.9%
RF
Kiki Cuyler
25.2%
CF
Andy Pafko
25.1%
2B
Billy Herman
23.7%
RF
Jose Cardenal
20%
RF
Bill Nicholson
19.1%
1B
Charlie Grimm
16.1%
P
Jim Vaughn
14.8%
P
Orval Overall
13.9%
LF
Riggs Stephenson
13.9%
3B
Heinie Zimmerman
11.3%
P
Claude Passeau
10.3%
P
Ed Reulbach
10.3%
RF
Frank Schulte
9.8%
P
Lon Warneke
9.1%
P
Guy Bush
7.7%
Quiz Playlist
Details
Report
Send in Message
Add To Playlist
Classic:
Type in answers that appear in a list
Quiz Source
Last Updated: Oct 24, 2018
Quiz Scoreboard
CHALLENGE
Sign Up to Join the Scoreboard
Show All
Scores
Hide
Comments
May contain spoilers
Recently Published
An Introduction to Baseball
by treessimontrees
Sports
5m
Movies - When Are They Set?
by FPL_Elf
Movies
5m
Popular People in 1961
by mucciniale
History
6m
More to Explore
Quiz From the Vault
Featured Blog Post
Where Did the Easter Bunny Come From?
hide this ad
You Might Also Like...
Tags
Football Quiz
50 Best
chicago
Chicago Cubs
Player
sun-time
Today's Top Quizzes in Sports
Browse Sports
hide this ad
Today's Top Quizzes in Football
Browse Football
Top Contributed Quizzes in Sports
1
Les meilleurs buteurs des matchs entre le PSG et l’OM
2
2022 World Cup Stars
3
FIFA Club World Cup Champions
4
Les entraîneurs de l'OM et du PSG au 21e siècle
5
Name the Premier League winners with different clubs
6
La finale Lions - Afrique du Sud 2021
7
Criteria MLB: Left Handed Sluggers
8
Les joueurs passés par le LOSC et le RC Lens
9
Players with Multiple 50 Home Run Seasons
10
MLB Players with Two .350 Batting Average Seasons
Explore More
Trending Topics
NBA
Anime
Marvel
Crossword
Harry Potter
Kpop
Disney
Song
NFL
The Office
Pokémon
Puzzle
Soccer
Country
WWE
hide this ad
More By:
mikethedude
Quiz
Plays
Rating
Category
Featured
Created
The 50 best Chicago Cubs
1,731
4.33
Sports
Mar 5, 2010
The 50 best Chicago Bears
1,665
5.00
Sports
Mar 5, 2010
Go to Creator's Profile
Score Distribution
Quiz Creator Spotlight
mikethedude
Follow
Send a Message
Quizzes Created
-
Created Quiz Play Count
-
More By This Creator
Popular Quizzes Today
1
Find the Countries of Europe - No Outlines Minefield
2
Find the US States - No Outlines Minefield
3
The Countries of the World
4
Popular People in 1961
5
US States
6
1-10 Letter E Words III
7
Find the US States
8
One Thing in Common: World Cities II
More Sports Quizzes
Get the Picture: Who's Older Tom or Team?
Editor's Pick
Trending Quizzes
Risky Map Clicking: Least Populous States A-Z
1-10 Letter F Words
1-10 Letter G Words
One Thing in Common: United Kingdom
Risky Map Clicking: Next State Alphabetically
Recently Updated
Leaping Animals
pecheneg
Reality TV Shows (A-Z)
bhenderson79
Rickey Henderson's Hall of Fame Teammates
pecheneg
Champions League XIs: Arsenal
pecheneg
Quick Pick: Celebrities in WWE's Hall of Fame
aduchscher
A-Z Keypad Blitz II
pecheneg
Multiple Oscar Actors
pecheneg
Mystery Phrase Blitz: Oscar 'Best Actors'
pecheneg
F. Scott Fitzgerald Novels
LTH
Pick 3 Villains
ddd62291
Trending Topics
Marvel
Harry Potter
Disney
Anime
Kpop
NBA
Crossword
Pokémon
The Office
Country
Soccer
Puzzle
WWE
NFL
Song
Your Account Isn't Verified!
In order to create a playlist on Sporcle, you need to verify the email address you used during registration. Go to your
Sporcle Settings
to finish the process.
Report this User
Report this user for behavior that violates our
Community Guidelines
.
Details:
Send Report
Go to the Sporcle.com Mobile Site →
Comments